Tous les clubs victimes de Lionel Messi - Statistiques

Statistiques générales
  • Ce quiz a été pris 1 550 fois
    3 depuis la dernière actualisation
  • Le résultat moyen est 73 sur 127
Statistiques - réponses
Pays Club % Correct
Italie AC Milan 8
100%
Pays-Bas Ajax Amsterdam 6
100%
Angleterre Arsenal 9
100%
Italie AS Rome 2
100%
Allemagne Bayer Leverkusen 7
100%
Allemagne Bayern Munich 4
100%
Portugal Benfica 1
100%
Allemagne Borussia Dortmund 1
100%
Ecosse Celtic Glasgow 8
100%
Canada CF Montréal 4
100%
Angleterre Chelsea 3
100%
France Clermont 2
100%
Belgique Club Bruges 2
100%
Ukraine Dynamo Kiev 3
100%
France FC Nantes 3
100%
Portugal FC Porto 2
100%
Italie Juventus 3
100%
Angleterre Liverpool 2
100%
France LOSC 3
100%
Angleterre Manchester City 7
100%
Angleterre Manchester United 4
100%
France Montpellier 3
100%
Italie Naples 1
100%
France OGC Nice 2
100%
France Olympique de Marseille 1
100%
France Olympique Lyonnais 6
100%
Pays-Bas PSV Eindhoven 4
100%
Ecosse Rangers Glasgow 1
100%
France RC Lens 2
100%
Tchéquie Slavia Prague 1
100%
Portugal Sporting Portugal 1
100%
Canada Toronto FC 2
100%
France Toulouse 1
100%
France Angers SCO 1
67%
Chypre APOEL Nicosie 3
67%
Espagne Athletic Bilbao 29
67%
Espagne Atletico Madrid 32
67%
Espagne Betis Séville 26
67%
Espagne CD Leganes 11
67%
Espagne Celta Vigo 14
67%
Espagne Deportivo Alavès 13
67%
Espagne Elche 7
67%
Espagne Espanyol Barcelone 25
67%
Espagne Espanyol Barcelone II 1
67%
France ESTAC Troyes 1
67%
Suisse FC Bâle 2
67%
Danemark FC Copenhague 3
67%
Espagne FC Getafe 21
67%
France FC Lorient 1
67%
Espagne FC Séville 38
67%
Espagne Girona 5
67%
Espagne Grenade 15
67%
Espagne Levante 24
67%
Etats-Unis Los Angeles FC 2
67%
Etats-Unis Los Angeles Galaxy 2
67%
Israël Maccabi Haïfa 3
67%
Etats-Unis New York Red Bulls 5
67%
Grèce Olympiakos 1
67%
Etats-Unis Orlando City 9
67%
Espagne Osasuna 25
67%
France Paris Saint-Germain 6
67%
Allemagne RB Leipzig 2
67%
Espagne RCD Majorque 16
67%
France RC Strasbourg 1
67%
Espagne Real Madrid 26
67%
Espagne Real Sociedad 18
67%
Espagne Real Valladolid 8
67%
Argentine River Plate 1
67%
Brésil Santos 2
67%
Etats-Unis Seattle Sounders 1
67%
Ukraine Shakthar Donetsk 3
67%
Russie Spartak Moscou 4
67%
Angleterre Tottenham 2
67%
Espagne Valence 31
67%
Allemagne VfB Stuttgart 3
67%
Tchéquie Victoria Plzen 3
67%
Espagne Villarreal 16
67%
France AC Ajaccio 1
33%
Etats-Unis Atlanta United 7
33%
Etats-Unis Austin FC 1
33%
Biélorussie BATE Borisov 2
33%
Allemagne Borussia Mönchengladbach 1
33%
Espagne Cadiz 1
33%
Etats-Unis Charlotte FC 2
33%
Etats-Unis Colombus Crew 4
33%
Etats-Unis Colorado Rapids 3
33%
Mexique Cruz Azul 1
33%
Etats-Unis D.C. United 3
33%
Espagne Deportivo La Corogne 20
33%
Espagne Eibar 20
33%
Etats-Unis FC Cincinnati 3
33%
Etats-Unis FC Dallas 2
33%
Hongrie Ferencvaros 1
33%
Espagne Malaga 13
33%
Etats-Unis Minnesota United 1
33%
Etats-Unis Nashville 16
33%
Etats-Unis New England Revolution 7
33%
Etats-Unis New-York City 2
33%
Grèce Panathinaïkos 4
33%
Etats-Unis Philadelphie Union 5
33%
Etats-Unis Portland Timbers 1
33%
Espagne Racing Santander 12
33%
Espagne Rayo Vallecano 18
33%
Espagne Real Saragosse 14
33%
Etats-Unis Saint-Louis City 1
33%
Espagne SD Huesca 4
33%
Espagne Sporting Gijon 6
33%
Etats-Unis Sporting Kansas City 3
33%
Allemagne Werder Breme 1
33%
Espagne AD Ceuta 1
0%
Espagne Albacete Balompié 1
0%
Jamaïque Cavalier FC 1
0%
Espagne CD Alcoyano 1
0%
Espagne CD Numancia 2
0%
Espagne CD Tenerife 5
0%
Mexique CF Atlante 1
0%
Espagne Cultural Leonesa 1
0%
Argentine Estudiantes de la Plata 1
0%
Espagne FC Cordoba 6
0%
Espagne Gimnàstic de Tarragona 2
0%
Espagne Hércules 2
0%
Etats-Unis New York City FC 3
0%
Espagne Recreativo Huelva 3
0%
Espagne UD Almeria 13
0%
Espagne UD Las Palmas 4
0%
Espagne UE Figueres 2
0%
Espagne Villajoyosa 1
0%
Aucun quiz correspondant
Distribution des résultats
% des personnes avec chaque résultat
Percentile par nombre de réponses
Votre historique - résultats
Vous n’avez pas pris ce quiz depuis la dernière actualisation